Prípravné konanie z hľadiska rekodifikácie trestného práva v Slovenskej republike
Nové ponímanie trestného konania. Prípravné konanie z hľadiska rekodifikácie trestného práva procesného. Novela Trestného poriadku. Legislatívne zmeny z hľadiska prípravného konania pro futuro.
Guardado en:
| Autor principal: | |
|---|---|
| Formato: | Capítulo de libro |
| Lenguaje: | eslovaco |
| Materias: | |
| Etiquetas: |
Sin Etiquetas, Sea el primero en etiquetar este registro!
|
MARC
| LEADER | 00000naa a2200000 4500 | ||
|---|---|---|---|
| 001 | r047654 | ||
| 005 | 20230929081409.4 | ||
| 041 | 0 | |a slo | |
| 044 | |a SK | ||
| 245 | 1 | 0 | |a Prípravné konanie z hľadiska rekodifikácie trestného práva v Slovenskej republike |c Jozef Čentéš |
| 520 | |a Nové ponímanie trestného konania. Prípravné konanie z hľadiska rekodifikácie trestného práva procesného. Novela Trestného poriadku. Legislatívne zmeny z hľadiska prípravného konania pro futuro. | ||
| 610 | 2 | 0 | |a právo trestné |
| 610 | 2 | 0 | |a novelizácia |
| 610 | 2 | 0 | |a právo procesné medzinárodné |
| 610 | 2 | 0 | |a Slovensko |
| 610 | 2 | 0 | |a poriadok právny |
| 100 | 1 | |a Čentéš, Jozef | |